Reflexiones sobre la verdadera arte de escribir / (Record no. 165272)
[ view plain ]
| 000 -LEADER | |
|---|---|
| campo de control de longitud fija | 01347nam a2200217 i 4500 |
| 001 - NÚMERO DE CONTROL | |
| campo de control | 165272 |
| 003 - IDENTIFICADOR DE NÚMERO DE CONTROL | |
| campo de control | ES-MaACL |
| 005 - FECHA Y HORA DE LA ÚLTIMA TRANSACCIÓN | |
| campo de control | 20230906213112.0 |
| 008 - DATOS DE LONGITUD FIJA--INFORMACIÓN GENERAL | |
| campo de control de longitud fija | 950206s1789 sp af |||| | spa d |
| 100 1# - ENTRADA PRINCIPAL--NOMBRE DE PERSONA | |
| Nombre de persona | Servidori, Domingo María de. |
| 9 (RLIN) | 105869 |
| 245 10 - MENCIÓN DEL TÍTULO | |
| Título | Reflexiones sobre la verdadera arte de escribir / |
| Mención de responsabilidad, etc. | por el abate Domingo Maria de Servidori ; tomo primero [-segundo]. |
| 260 ## - PUBLICACIÓN, DISTRIBUCIÓN, ETC. | |
| Lugar de publicación, distribución, etc. | Madrid : |
| Nombre del editor, distribuidor, etc. | en la Imprenta Real, |
| Fecha de publicación, distribución, etc. | 1789. |
| 300 ## - DESCRIPCIÓN FÍSICA | |
| Extensión | 2 v. ([10], 293, [1] p. ; [4], 105 h. de lam. ; |
| Dimensiones | Fol. |
| 530 ## - NOTA DISPONIBLE DE FORMULARIO FÍSICO ADICIONAL | |
| Nota de formato físico adicional disponible | Disponible en formato digital. |
| 597 ## - NOTA DE DESCRIPCIÓN FÍSICA | |
| NOTA DE DESCRIPCIÓN FÍSICA | Sign.: [ ]¹, ¶-¶¶², A-Z², AA-ZZ², AAA-ZZZ², 4A-4D2, 4E1. |
| 599 ## - NOTA A LAS ILUSTRACIONES | |
| NOTA A LAS ILUSTRACIONES | Las hojas de lámina son grabados calcográficos de láminas de caligrafía: "Laurs. á Mansilla sct.", "Ant. Espinosa sculp.", "Josef Assensio lo grabó", "Domingo Servidori descripsit. F. Assensio sculp.", "Franco. Hurtado de Mendoza escª. Fabregat sc.", "Giraldo sculpt.", "Franco. Lucas lo escribió", "Jph. Carballosa desc.", "Andres del Rio desc.", "Juan Pedro Etcheverry lo copió", "Paillason lo escribió", "Rosignol lo escribió", "Ricarte sculpt. |
| 650 #4 - PUNTO DE ACCESO ADICIONAL DE MATERIA--TÉRMINO DE MATERIA | |
| Término de materia o nombre geográfico como elemento de entrada | Escritura. |
| 9 (RLIN) | 12401 |
| 650 00 - PUNTO DE ACCESO ADICIONAL DE MATERIA--TÉRMINO DE MATERIA | |
| Término de materia o nombre geográfico como elemento de entrada | Caligrafía. |
| 9 (RLIN) | 10684 |
| 852 ## - LOCALIZACIÓN | |
| Ubicación | ES-MaACL |
| Número de control de estantería | R-71-72 |
| Nota libre | - Enc. pasta española |
| Encuadernación | Olim:C- 2463-4 |
| 856 ## - LOCALIZACIÓN Y ACCESO ELECTRÓNICOS | |
| Identificador Uniforme de Recursos | <a href="http://bdh-rd.bne.es/viewer.vm?id=0000188131&page=1 ">http://bdh-rd.bne.es/viewer.vm?id=0000188131&page=1 </a> |
| Nota pública | Biblioteca Digital Hispánica |
| Estatus retirado | Estado de pérdida | Estado de daño | No para préstamo | Colección | Biblioteca de origen | Biblioteca actual | Ubicación en estantería | Fecha de adquisición | Fuente de adquisición | Total de préstamos | Signatura topográfica completa | Código de barras | Visto por última vez | Precio de reemplazo | Tipo de ítem Koha |
|---|---|---|---|---|---|---|---|---|---|---|---|---|---|---|---|
| Colección digital | Biblioteca del Ateneo de Madrid | Biblioteca del Ateneo de Madrid | Depósito | 17/01/2008 | R-71-72 | 1173306 | 23/02/2023 | 23/02/2023 | Libro impreso antiguo |
